000 00940nam a2200253Ia 4500
003 OSt
005 20220930080933.0
006 a|||||r|||| 00| 0
007 ta
008 220926b |||||||| |||| 00| 0 eng d
024 _a99959
037 _cTheses
040 _aCRL
_cCRL
_beng
041 _2eng
_aeng
100 _aAvinash Kumar
_9306617
110 _aUniversity of Delhi. Facaulty of Science. Department of Botany
_9540223
245 0 _aAssaying polymorphism at DNA sequence level for new and novel genetic diversity diafnostics of native tree species and highly endangered and threatened medicinal plant species
650 _aBOTANY
700 _a Dr. Vijay Rani Rajpal Gu.
_9540224
700 _a Prof. S. N. Raina Gu.
700 _aUniversity of Delhi. Facaulty of Science. Department of Botany
_9540225
942 _cDIS
_2CC
999 _c870684
_d870684